Przyporządkuj województwo do ferii zimowych - Statystyki

Ogólne statystyki
  • Ten quiz został rozwiązany 12 razy
  • Średni wynik to 8 z 16
Statystyki odpowiedzi
Hint Odpowiedź % Poprawnych
mazowieckie 19.01 - 1.02
75%
zachodniopomorskie 2.02 - 15.02
75%
łódzkie 2.02 - 15.02
75%
śląskie 16.02 - 1.03
63%
opolskie 2.02 - 15.02
63%
małopolskie 2.02 - 15.02
63%
pomorskie 19.01 - 1.02
50%
warmińsko-mazurskie 19.01 - 1.02
50%
dolnośląskie 2.02 - 15.02
50%
wielkopolskie 16.02 - 1.03
38%
podkarpackie 16.02 - 1.03
38%
lubelskie 16.02 - 1.03
38%
podlaskie 19.01 - 1.02
38%
świętokrzyskie 19.01 - 1.02
38%
kujawsko-pomorskie 2.02 - 15.02
38%
lubuskie 16.02 - 1.03
25%
Nie znaleziono quizów pasujących do podanych kryteriów
Rozkład punktacji
Procent ludzi z każdym wynikiem
Percentyl według liczby udzielonych odpowiedzi
Twoja historia wyników
Nie rozwiązałeś tego quizu